الخطوات السبع لإعادة اكتشاف الذات / (رقم التسجيلة. 147406)
[ عرض عادي ]
| 000 -الفاتح | |
|---|---|
| عناصر البيانات ثابتة الطول | 00944nam a22002177a 4500 |
| 005 - تاريخ ووقت آخر معاملة | |
| حقل ضبط | 20251108180011.0 |
| 008 - عناصر البيانات ثابتة الطول | |
| عناصر البيانات ثابتة الطول | 250721s2025 ua gr 000 0 ara d |
| 020 ## - الترقيم الدولي المعياري للكتب (ردمك) | |
| الترقيم الدولي المعياري للكتب (ردمك) | 9789774553255 |
| 041 1# - كود اللغة | |
| كود اللغة لنص/مسار صوت أو عنوان منفصل | ara |
| كود اللغة للأصل | eng |
| 082 14 - رقم تصنيف ديوي العشري | |
| رقم التصنيف | 155.2 |
| رقم المادة | ه ا ر |
| 100 1# - مدخل رئيسي – اسم شخصي | |
| الاسم الشخصي | هارولد، فيونا |
| علاقة الشخص بالعمل/ دوره | مؤلف. |
| 245 12 - بيان العنوان | |
| العنوان | الخطوات السبع لإعادة اكتشاف الذات / |
| بيان المسؤولية | تأليف فيونا هارولد ؛ إعداد قسم الترجمة بدار الفاروق للإستثمارات الثقافية. |
| 250 ## - بيان الطبعة | |
| بيان الطبعة | الطبعة العربية الرابعة. |
| 264 31 - بيانات النشر، التوزيع…إلخ | |
| مكان النشر، التوزيع...إلخ | الجيزة : |
| اسم الناشر، الموزع...إلخ | دار الفاروق للنشر والتوزيع، |
| تاريخ النشر، التوزيع...إلخ | 2025. |
| 300 ## - الوصف المادي | |
| عدد الوحدات المكونة للوعاء | 120 صفحة. |
| 650 17 - مدخل إضافي بالموضوع - مصطلح موضوعي | |
| مصطلح موضوعي أو اسم جغرافي كعنصر مدخل | علم النفس الفردي. |
| 650 17 - مدخل إضافي بالموضوع - مصطلح موضوعي | |
| مصطلح موضوعي أو اسم جغرافي كعنصر مدخل | تطوير الذات. |
| 710 2# - مدخل إضافي - اسم هيئة | |
| اسم الهيئة أو السلطة المختصة كعنصر مدخل | قسم الترجمة بدار الفاروق للاستثمارات الثقافية |
| علاقة الهيئة بالعمل/ دورالهئية | معد. |
| 942 ## - بيانات إضافية (كوها) | |
| نوع التنصيف | Dewey Decimal Classification |
| نوع المادة (كوها) | كتب |
| حالة السحب | حالة الفقدان | مصدر التصنيف | حالة التلف | غير قابل للإعارة | المكتبة الرئيسية | المكتبة الحالية | موقع الرف | تاريخ التزويد | الرقم المتسلسل | Total Checkouts | رقم الإستدعاء | الباركود | تاريخ آخر ظهور | تاريخ الفاتورة | نوع المادة (كوها) |
|---|---|---|---|---|---|---|---|---|---|---|---|---|---|---|---|
| Dewey Decimal Classification | المكتبة المركزية | المكتبة المركزية | الإعارة | 28/07/2025 | 1795208 | 155.2 / ه ا ر | PLD00516685 | 28/07/2025 | 28/07/2025 | كتب | |||||
| Dewey Decimal Classification | مكتبة أم قصير والمقابلين العامة | مكتبة أم قصير والمقابلين العامة | الإعارة | 14/05/2025 | 1795212 | 155.2 / ه ا ر | PLD00516916 | 28/07/2025 | 14/05/2025 | كتب | |||||
| Dewey Decimal Classification | مكتبة الأميرة ايمان العامة | مكتبة الأميرة ايمان العامة | الإعارة | 14/05/2025 | 1795209 | 155.2 / ه ا ر | PLD00516913 | 28/07/2025 | 14/05/2025 | كتب | |||||
| Dewey Decimal Classification | مكتبة الاميرة بديعة | مكتبة الاميرة بديعة | الإعارة | 14/05/2025 | 1795213 | 155.2 / ه ا ر | PLD00516917 | 28/07/2025 | 14/05/2025 | كتب | |||||
| Dewey Decimal Classification | مكتبة البراعم الواعدة | مكتبة البراعم الواعدة | الإعارة | 14/05/2025 | 1795217 | 155.2 / ه ا ر | PLD00516921 | 28/07/2025 | 14/05/2025 | كتب | |||||
| Dewey Decimal Classification | مكتبة الجويدة | مكتبة الجويدة | الإعارة | 14/05/2025 | 1795215 | 155.2 / ه ا ر | PLD00516919 | 28/07/2025 | 14/05/2025 | كتب | |||||
| Dewey Decimal Classification | مكتبة الحسن العامة | مكتبة الحسن العامة | الإعارة | 14/05/2025 | 1795214 | 155.2 / ه ا ر | PLD00516918 | 28/07/2025 | 14/05/2025 | كتب | |||||
| Dewey Decimal Classification | مكتبة حمزة العامة | مكتبة حمزة العامة | الإعارة | 14/05/2025 | 1795216 | 155.2 / ه ا ر | PLD00516920 | 28/07/2025 | 14/05/2025 | كتب | |||||
| Dewey Decimal Classification | مكتبة صويلح العامة | مكتبة صويلح العامة | الإعارة | 14/05/2025 | 1795211 | 155.2 / ه ا ر | PLD00516915 | 28/07/2025 | 14/05/2025 | كتب | |||||
| Dewey Decimal Classification | مكتبة وادي السير العامة | مكتبة وادي السير العامة | الإعارة | 14/05/2025 | 1795210 | 155.2 / ه ا ر | PLD00516914 | 28/07/2025 | 14/05/2025 | كتب |